The Legend of Zelda - Enemy Names by Description - Statistics

General Stats
  • This quiz has been taken 133 times
  • The average score is 10 of 32
Answer Stats
Description Name % Correct
A type of octopus that lives above ground. There are two types, red and blue. Watch out for the blue ones. They're mean. They spit out rocks at Link. Octorok
93%
A bulldog-like goblin who lives in the forest. He attacks by throwing spears. A little bit meaner than [2]. Molblin
68%
These spidery things jump about all over the place. Red ones move about a lot and blue ones move only a little. ___ have little fighting power. Tektite
56%
Half-fish, half-woman who lives in the water. When she sticks her head out of the water she let's out a ball that Link's little shield can't hold back. Zola
49%
A skeleton that's got a sword in each hand. Little attacking power. Stalfos
44%
A soldier who has been turned into a stone statue. He moves and attacks if touched by Link. He has a fair amount of attacking power. Armos
41%
A monster hand that appears out of the labyrinth wall. If it catches Link, it takes him back to the entrance to the labyrinth. Wall Master
41%
The mummy man. He's got some strange powers, and some powerful attacking force. Gibdo
38%
The knight who lives in the labyrinths. He has lots of attacking power. He repels Link's attacks from the front with his shield. Darknut
36%
A tube-like monster that has a soft spot for magic shields - he eats them up. Like Like
35%
The master of Movement. He appears here and there letting out magic spells that Link's little shield can't hold back. He's pretty strong. Watch out! Wizzrobe
35%
A giant rhinoceros. It hasn't got so much attacking power, but it bounces off attacks with its thick hide. Dodongo
32%
The guardian who attacks all those who come near Death Mountain. Watch out! He's pretty strong, and Link's little shield can't stop his sword. Lynel
31%
A poisonous snake that has made the labyrinths its home. It senses other creatures quickly and suddenly comes after them (and Link, for that matter!) once it has found them out. This one hasn't got a lot of attacking power. Rope
31%
A huge dragon that has 2 to 4 heads and spits out beams at Link. Heads that Link cuts off from its body fly around the air. Gleeok
27%
A ghost with big ears and a weak point - he hates loud noise. Pols Voice
24%
Has little attacking power. This is the ghost of a flower that bounces and flutters around the place. Link can eliminate it only when standing still. Peahat
23%
They live in the ground and eat up the energy of creatures that approach them. Blue ___ are a little stronger, but thte red ones don't have much attacking power. Leever
22%
The spirit of the dead. When it clings on Link, he won't be able to unsheath this sword for a while. Bubble
21%
The super-huge crab that lives in the labyrinths. Its hard shell will repuls any attack. Attack its weak point with a special weapon. Gohma
21%
The huge worm living in the labyrinths. It grows smaller as Link attacks. Not so strong. Moldorm
21%
A large man-eating flower with hands sticking out in all four directions. It moves faster as it loses its hands. It's pretty mean. So, watch out! Manhandla
20%
Jelly-like monsters that walk about bouncing around in the labyrinths. When Link cuts [10], it splits into two [11]. [11] has little attacking power, but [10] has twice the power of [11]. Zol
20%
A type of dragon that some call a unicorn. As well as having lots of attacking power, it's a fearful opponent. It emits mean beams. Aquamentus
19%
The ghost who lives in the graveyard. There are two types. There are ____ who are there from the beginning of the game, and those who appear when Link touches the gravestones. ____ have about the same attacking force as [6]. Ghini
19%
[13] is a devil that controls the [14]. When Link cuts it with his sword, it turns into two [14]. [14] have little attacking power, but [13] is a little stronger. Keese
19%
A little devil that lives underground. He uses boomerangs. There are two of his type, blue ones and red ones. Watch out for the blue ones! They are strong. Goriya
15%
Jelly-like monsters that walk about bouncing around in the labyrinths. When Link cuts [10], it splits into two [11]. [11] has little attacking power, but [10] has twice the power of [11]. Gel
14%
Big sea urchins. In spite of their big bodies, they shrivel up when attacked. But watch out! They come on pretty strong. Digdogger
11%
A gigantic centipede. Attacking his head won't work. Boy! Does he move fast! Lanmola
10%
The ___ attack in groups, in two types of formations. Both formation groups are strong. So be on your toes! Patra
10%
[13] is a devil that controls the [14]. When Link cuts it with his sword, it turns into two [14]. [14] have little attacking power, but [13] is a little stronger. Vire
10%
No matching quizzes found
Score Distribution
Percent of People with Each Score
Percentile by Number Answered
Your Score History
You have not taken this quiz